AH International Schools' Libraries

The science book: (Record no. 47761)

MARC details
000 -LEADER
fixed length control field 00358nam a2200133 4500
020 ## - INTERNATIONAL STANDARD BOOK NUMBER
International Standard Book Number 9780744036671
020 ## - INTERNATIONAL STANDARD BOOK NUMBER
International Standard Book Number 9781409350156
020 ## - INTERNATIONAL STANDARD BOOK NUMBER
International Standard Book Number 9785001017318
245 ## - TITLE STATEMENT
Title The science book:
Remainder of title big ideas simply explained /
Statement of responsibility, etc DK.
260 ## - PUBLICATION, DISTRIBUTION, ETC. (IMPRINT)
Place of publication, distribution, etc New York:
Name of publisher, distributor, etc D.K.;
Date of publication, distribution, etc 2020.
300 ## - PHYSICAL DESCRIPTION
Extent 256 p.
Other physical details col. ill.
Dimensions 18 cm.
650 ## - SUBJECT ADDED ENTRY--TOPICAL TERM
Topical term or geographic name as entry element Science.
942 ## - ADDED ENTRY ELEMENTS (KOHA)
Source of classification or shelving scheme
Koha item type Non Fic / Almanacs
Holdings
Withdrawn status Lost status Source of classification or shelving scheme Damaged status Not for loan Collection code Home library Current library Date acquired Total Checkouts Full call number Barcode Date last seen Date checked out Price effective from Koha item type
          Non-Fiction Asian Hope Secondary Library Asian Hope Secondary Library 11/04/2024 4 500 DAV 206633 04/07/2026 03/31/2026 11/04/2024 NON FIC SECTION

For any Logos Library related questions please contact Miss Art at swongnarasuk@asianhope.org.

For any Asian Hope Library related questions please contact Miss Raza at graza@asianhope.org.

Click here to explore our ebooks!

Powered by Koha